Every Catastrophic Tower in Eternal Towers of Hell - Statistics

General Stats
  • This quiz has been taken 39 times
  • The average score is 7 of 8
Answer Stats
Area Tower % Correct
Ring 9 Tower of {Champion’s Road}
100%
Zone 8 Tower of {Descent Into Exile}
93%
Ring 9 Tower of {Cruel Punishment}
87%
Ring 8 Tower of {Generation Failure}
87%
Ring 7 Tower of {Elongated Runs}
80%
Ring 9 Tower of {Augmented Misery}
73%
Zone 10 Tower of {Raging Tempest}
73%
Zone 9 Tower of {Empty Meaningless Patterns}
67%
No matching quizzes found
Score Distribution
Percent of People with Each Score
Percentile by Number Answered
Your Score History
You have not taken this quiz